000 00551nam a2200121Ia 4500
008 220620s9999||||xx |||||||||||||| ||und||
245 0 _aTowards Shared Research
_bParticipatory and Integrative Approaches in Researching African Environments (Edition 1)
546 _aEnglish[eng]
650 _aSocial Science||Sociology
700 _aHaller, Tobias||Zingerli, Claudia
856 _uhttps://library.oapen.org/bitstream/20.500.12657/50689/1/external_content.pdf||https://library.oapen.org/bitstream/20.500.12657/50689/1/external_content.pdf
942 _cEB
999 _c32219
_d32219